000
00307nam a22001337a 4500
008
171002b xxu||||| |||| 00| 0 eng d
020
_a
0962374423
041
_a
eng
080
_a
159.9
100
_a
48
101
_a
PSI
245
_a
EDUCATIONAL AND PSYCHOLOGICAL RESEARCH
_c
PATTEN,M.L
942
_2
udc
_c
BK
999
_c
31189
_d
31189